Insects By Orders - Statistics

General Stats
  • This quiz has been taken 89 times
  • The average score is 19 of 28
Answer Stats
Order Species. No Groups % Correct
Hymenoptera 116,861 Sawflies, wasps, bees, ants
98%
Coleoptera 386,500 Beetles
95%
Lepidoptera 157,388 Butterflies, moths
94%
Diptera 155,477 True flies
94%
Blattodea 7,314 Cockroaches, termites
90%
Odonata 5,899 Dragonflies, damselflies
90%
Orthoptera 23,855 Grasshoppers, crickets, katydids
90%
Mantodea 2,400 Mantises
89%
Hemiptera 103,590 True bugs
89%
Dermaptera 1,978 Earwigs
79%
Phasmatodea 3,014 Stick insects
78%
Ephemeroptera 3,240 Mayflies
73%
Zygentoma 560 Sliverfish, firebrats, fishmoths
73%
Siphonaptera 2,075 Fleas
67%
Psocodea 11,000+ Booklice, barklice, sucking lice
65%
Neuroptera 5,868 Lacewings
65%
Trichoptera 14,391 Caddisflies
51%
Thysanoptera 5,864 Thrips
51%
Plecoptera 3,743 Stoneflies
49%
Megaloptera 354 Alderflies, dobsonflies
46%
Archaeongatha 513 Bristletails
46%
Raphidioptera 254 Snakeflies
46%
Grylloblattodea 34 Ice crawlers
44%
Mecoptera 757 Scorpionflies
44%
Embioptera 463 Webspinners
44%
Strepsiptera 609 Twisted-wing flies
43%
Zoraptera 37 Angel insects
41%
Mantophasmatodea 15 Gladiators
33%
No matching quizzes found
Score Distribution
Percent of People with Each Score
Percentile by Number Answered
Your Score History
You have not taken this quiz